000 00286 a2200145 4500
001 61839
020 _a8512008857
040 _cAnchieta - Pituba
240 1 0 _aBrasil 500 anos
_lpor
245 1 0 _aBrasil 500 anos
300 _a128
362 0 _a2000
650 4 _aBrasil
942 _cBK
999 _c61839
_d61839